འབྲུག་རྒྱལ་པོ་ཁྲི་རབས་ལྔ་པ་དཔལ་འཇིགས་མེད་གེ་སེར་རྣམ་རྒྱལ་དབང་ཕྱུག་དང་བཙུན་མོ་རྗེ་བཙུན་པདྨོ་རྣམ་གཉིས་ལ་བསྔགས་བརྗོད་ཀྱི་ཚིག་ཕྲེང་བཞུགས་སོ། (Record no. 5260)

MARC details
000 -LEADER
fixed length control field 01007nam a2200205 4500
001 - CONTROL NUMBER
control field 6222
005 - DATE AND TIME OF LATEST TRANSACTION
control field 20190920123316.0
008 - FIXED-LENGTH DATA ELEMENTS--GENERAL INFORMATION
fixed length control field 190920b ||||| |||| 00| 0 eng d
020 00 - INTERNATIONAL STANDARD BOOK NUMBER
International Standard Book Number 9789993656132.
090 00 - LOCALLY ASSIGNED LC-TYPE CALL NUMBER (OCLC); LOCAL CALL NUMBER (RLIN)
Classification number (OCLC) (R) ; Classification number, CALL (RLIN) (NR) 954.98092 D76d 2011
100 00 - MAIN ENTRY--PERSONAL NAME
Personal name Draktshang, Zhung Dayden.
245 00 - TITLE STATEMENT
Title འབྲུག་རྒྱལ་པོ་ཁྲི་རབས་ལྔ་པ་དཔལ་འཇིགས་མེད་གེ་སེར་རྣམ་རྒྱལ་དབང་ཕྱུག་དང་བཙུན་མོ་རྗེ་བཙུན་པདྨོ་རྣམ་གཉིས་ལ་བསྔགས་བརྗོད་ཀྱི་ཚིག་ཕྲེང་བཞུགས་སོ།
Statement of responsibility, etc. Zhung Dayden Draktshang.
260 00 - PUBLICATION, DISTRIBUTION, ETC.
Place of publication, distribution, etc. Thimphu : Bhutan.
Name of publisher, distributor, etc. Sung-ran nam-so
Date of publication, distribution, etc. 2011.
300 00 - PHYSICAL DESCRIPTION
Extent 119 p ; 24 cm.
500 00 - GENERAL NOTE
General note In Dzongkha.
650 00 - SUBJECT ADDED ENTRY--TOPICAL TERM
Topical term or geographic name entry element Bhutan --King --Pictorial works.
Topical term or geographic name entry element Jigme Gesar Namgyel Wangchuck̇, King of Bhutan.
942 ## - ADDED ENTRY ELEMENTS (KOHA)
Source of classification or shelving scheme Dewey Decimal Classification
Koha item type Dzongkha
Holdings
Withdrawn status Lost status Source of classification or shelving scheme Damaged status Not for loan Collection code Home library Current library Shelving location Serial Enumeration / chronology Inventory number Total Checkouts Full call number Barcode Date last seen Copy number Price effective from Koha item type
    Dewey Decimal Classification     Dzongkha RTC Library RTC Library Dzongkha 9934   954.98 DRU 30008429 27/11/2018 1 27/11/2018 Dzongkha
    Dewey Decimal Classification     Dzongkha RTC Library RTC Library Dzongkha 9935   954.98 DRU 30008408 27/11/2018 2 27/11/2018 Dzongkha
    Dewey Decimal Classification     Dzongkha RTC Library RTC Library Dzongkha 9936   954.98 DRU 30008195 27/11/2018 3 27/11/2018 Dzongkha
    Dewey Decimal Classification     Dzongkha RTC Library RTC Library Dzongkha 9937   954.98 DRU 30008334 27/11/2018 4 27/11/2018 Dzongkha
    Dewey Decimal Classification     Dzongkha RTC Library RTC Library Dzongkha 9938   954.98 DRU 30008421 27/11/2018 5 27/11/2018 Dzongkha
    Dewey Decimal Classification     Dzongkha RTC Library RTC Library Dzongkha 9939   954.98 DRU 30008425 27/11/2018 6 27/11/2018 Dzongkha
    Dewey Decimal Classification     Dzongkha RTC Library RTC Library Dzongkha 9940   954.98 DRU 30008239 27/11/2018 7 27/11/2018 Dzongkha
    Dewey Decimal Classification     Dzongkha RTC Library RTC Library Dzongkha 9941   954.98 DRU 30008497 27/11/2018 8 27/11/2018 Dzongkha
    Dewey Decimal Classification     Dzongkha RTC Library RTC Library Dzongkha 9942   954.98 DRU 30008448 27/11/2018 9 27/11/2018 Dzongkha
    Dewey Decimal Classification     Dzongkha RTC Library RTC Library Dzongkha 9943   954.98 DRU 30008326 27/11/2018 10 27/11/2018 Dzongkha
    Dewey Decimal Classification     Dzongkha RTC Library RTC Library Dzongkha 9944   954.98 DRU 30008519 27/11/2018 11 27/11/2018 Dzongkha
Royal Thimphu College || All Right Reserved